Erhardova reforma Problémy přechodu od centrálně plánované k peněžně tržní ekonomice v Západním Německu 1948

Saved in:
Bibliographic Details
Main Author: Šulc, Zdislav
Format: Book
Language:Czech
Published: Praha Ústřední ústav národohospodářského výzkumu 1990
Tags: Add Tag
No Tags, Be the first to tag this record!

MARC

LEADER 00000nam a2200000 4500
001 c040336
005 20221215115940.3
041 0 |a cze 
044 |a CZ 
245 1 0 |a Erhardova reforma  |b Problémy přechodu od centrálně plánované k peněžně tržní ekonomice v Západním Německu 1948  |c Zdislav Šulc 
264 1 |a Praha  |b Ústřední ústav národohospodářského výzkumu  |c 1990 
300 |a 52 s. 
100 1 |a Šulc, Zdislav